| 000 | 01499nam a2200337Ia 4500 | ||
|---|---|---|---|
| 001 | ebr10055626 | ||
| 003 | CaPaEBR | ||
| 006 | m u | ||
| 007 | cr cn||||||||| | ||
| 008 | 900910s1990 dcua sb 000 0 eng d | ||
| 010 | _z 90062105 | ||
| 020 | _z030904328X (pbk.) | ||
| 040 |
_aCaPaEBR _cCaPaEBR |
||
| 035 | _a(OCoLC)43477226 | ||
| 050 | 1 | 4 |
_aQC981.8.C5 _bF33 1990eb |
| 110 | 2 |
_aNational Research Council (U.S.). _bCommittee on Global Change. |
|
| 245 | 1 | 4 |
_aThe U.S. Global Change Research Program _h[electronic resource] : _ban assessment of FY 1991 plans / _cNational Research Council. |
| 246 | 3 | 0 | _aGlobal change research |
| 260 |
_aWashington, D.C. : _bNational Academy Press, _c1990. |
||
| 300 |
_axviii, 107 p. : _bill. |
||
| 504 | _aIncludes bibliographical references. | ||
| 533 |
_aElectronic reproduction. _bPalo Alto, Calif. : _cebrary, _d2009. _nAvailable via World Wide Web. _nAccess may be limited to ebrary affiliated libraries. |
||
| 650 | 0 |
_aClimatic changes _xResearch _zUnited States. |
|
| 650 | 0 |
_aClimatic changes _xResearch _xGovernment policy _zUnited States. |
|
| 650 | 0 |
_aGeodynamics _xResearch _zUnited States. |
|
| 650 | 0 |
_aGeodynamics _xResearch _xGovernment policy _zUnited States. |
|
| 651 | 0 |
_aEarth _xResearch _xGovernment policy _zUnited States. |
|
| 655 | 7 |
_aElectronic books. _2local |
|
| 710 | 2 | _aebrary, Inc. | |
| 856 | 4 | 0 |
_uhttp://site.ebrary.com/lib/rucke/Doc?id=10055626 _zAn electronic book accessible through the World Wide Web; click to view |
| 999 |
_c64305 _d64305 |
||